Estación intermodal de pasajeros del distrito universitario de San Pedro
Sparad:
| Huvudupphovsman: | |
|---|---|
| Materialtyp: | Bok |
| Publicerad: |
[San José , Costa Rica]
1983
|
| Ämnen: | |
| Taggar: |
Lägg till en tagg
Inga taggar, Lägg till första taggen!
|
MARC
| LEADER | 00000nam a2200000Ia 4500 | ||
|---|---|---|---|
| 003 | 002168 | ||
| 005 | 20221231144420.0 | ||
| 008 | 140114s1983 c a m 000 ||s d | ||
| 040 | |c cru CEDI | ||
| 090 | |a TFG 1337 | ||
| 100 | |a Del Valle Flores, Miguel Eugenio |9 15324 | ||
| 245 | |a Estación intermodal de pasajeros del distrito universitario de San Pedro | ||
| 260 | |c 1983 |a [San José , Costa Rica] | ||
| 300 | |a [118] hojas : ilustraciones (algunas plegables) ; 28 cm | ||
| 500 | |a Proyecto de graduación (ingeniero civil)--Universidad de Costa Rica. Facultad de Ingeniería. Escuela de Ingeniería Civil | ||
| 650 | |x TERMINALES DE AUTOBUS |9 15325 | ||
| 942 | |c TFG | ||
| 999 | |c 21539 |d 21539 | ||
